Sports Quiz

Random Sports or Basketball Quiz

Seattle Sonics 40th Anniversary Team Quiz Stats

Quiz not verified by Sporcle

Challenge
Share
Tweet
Embed
Score 0/16 Timer 05:00
0 Plays Today
Years % Correct
1989-97Shawn Kemp
98%
1990-03Gary Payton
97.4%
2003–07Ray Allen
90.5%
1993–99Detlef Schrempf
84.9%
1986-1998, (Coach; 00–05)Nate McMillan
83.9%
1977-86Jack Sikma
80.1%
1968-72 (Coach; 69–72, 77–85)Lenny Wilkens
79.3%
1998–07Rashard Lewis
76.7%
Years % Correct
1976-80Dennis Johnson
76.5%
1971-84Fred Brown
68.5%
1986-91, 97-99Dale Ellis
63.7%
1993-98Sam Perkins
61.6%
1977-84Gus Williams
61.6%
1985-90Xavier McDaniel
60.6%
1971-75Spencer Haywood
55.8%
1973-78Slick Watts
47.8%

You're not logged in!

Compare scores with friends on all Sporcle quizzes.
Sign Up with Email
OR
Log In

You Might Also Like...

Show Comments

Extras

Top Quizzes Today


Score Distribution

Your Account Isn't Verified!

In order to create a playlist on Sporcle, you need to verify the email address you used during registration. Go to your Sporcle Settings to finish the process.

Report this User

Report this user for behavior that violates our Community Guidelines.

Details: